Asianaffairs (Record no. 90900)

MARC details
000 -LEADER
fixed length control field 00392nam a2200157 4500
005 - DATE AND TIME OF LATEST TRANSACTION
control field 20150120124202.0
008 - FIXED-LENGTH DATA ELEMENTS--GENERAL INFORMATION
fixed length control field 150120b xxu||||| |||| 00| 0 eng d
022 ## - INTERNATIONAL STANDARD SERIAL NUMBER
International Standard Serial Number 1366-3623
040 ## - CATALOGING SOURCE
Original cataloging agency dpl
245 ## - TITLE STATEMENT
Title Asianaffairs
260 ## - PUBLICATION, DISTRIBUTION, ETC. (IMPRINT)
Place of publication, distribution, etc Middlesex
Name of publisher, distributor, etc Asian Affairs
Date of publication, distribution, etc 2014
300 ## - PHYSICAL DESCRIPTION
Extent v.
Dimensions 27cm
310 ## - CURRENT PUBLICATION FREQUENCY
Current publication frequency Monthly
270 ## - ADDRESS
Address 196 Church Road,Northolt,
City Middlesex
Country UK
942 ## - ADDED ENTRY ELEMENTS (KOHA)
Source of classification or shelving scheme Dewey Decimal Classification
Item type Periodicals
Serial record 1
Holdings
Withdrawn status Lost status Source of classification or shelving scheme Damaged status Not for loan Collection code Home library Current library Date acquired Total Checkouts Date last seen Price effective from Koha item type
    Dewey Decimal Classification   Not For Loan Non-fiction D.B.Act.Division D.B.Act.Division 20/01/2015   20/01/2015 20/01/2015 Periodicals

© Delhi Public Library
Hit Counter
free hit counter